1282 1940 1918 1951 1230 1611 1321 1474 1957 1904 1974 1375 1627 1627 1117 1024 1527 1139 1212 1077 1956 1506 1989 1814 1681 1118 1239 1969 1258 1981 1623 1776 1969 1594 1004 1625 1359 1236 1111 1292 1767 1448 1904 1873 1011 1537 1858 1785 1227 1008 1048 1191 1764 1756 1478 1668 1458 1252 1532 1523 1979 1178 1372 1663 1340 1832 1304 1798 1451 1945 1601 1174 1728 1421 1551 1803 1004 1366 1944 1977 1701 1674 1831 1074 1024 1211 1631 1684 1812 1617 1049 1894 1401 1431 1288 1630 1215 1995 1776 BCNSPRNW ULIB Ver.6.0+V

เปลี่ยนเป็นภาษาไทย

Change to English
 แสดงรายละเอียดบรรณานุกรม
  กลับหน้าหลัก

Brief Record : Get Marc (ISO 2709) : E-mail record : QR code < ปิดหน้าต่าง
LEADER : 00000nam 2200000uu 4500
001    13399127712
003     ULIB
008    210421s2561||||th 000 0 tha d
020    ^a9786167942346
050  4 ^aAC159^bน672ส
100 0  ^aนิ้วกลม
245 10 ^aสิ่งมหัศจรรย์ธรรมดา /^cนิ้วกลม
250    ^aพิมพ์ครั้งที่ 25
260    ^aกรุงเทพฯ :^bมติชน,^c2561
300    ^a204 หน้า :^bภาพประกอบ ;^c19 ซม.
650  0 ^aCollected works
650  4 ^aความเรียง
650  4 ^aรวมเรื่อง
945    ^p199^l0^i008037
999    ^aประนอม เกษจรัล
รายการนี้ยังไม่มีแท็ก
คุณยังไม่ได้ล็อกอิน คุณสามารถมีกิจกรรมร่วมกับเว็บไซต์ได้ แต่ต้องล็อกอินก่อน ::
  ล็อกอิน

รายการสื่อสารสนเทศ

ลำดับที่ ประเภท เลขเรียก/บาร์โค้ด สถานที่ สถานะ
1. การศึกษาทั่วไป
การศึกษาทั่วไป
AC159 น672ส ฉ.1 
  Barcode: 008037
ห้องสมุดวิทยาเขตสวรรค์ประชารักษ์
►หนังสือทั่วไป
บนชั้น

รายการใกล้เคียง
    ผู้แต่ง [นิ้วกลม]

    หัวเรื่อง [Collected works]
    หัวเรื่อง [ความเรียง]
    หัวเรื่อง [รวมเรื่อง]

BibComment


ยังไม่เคยถูกคอมเมนท์

คอมเมนท์ทรัพยากรรายการนี้
  คอมเมนท์: สิ่งมหัศจรรย์ธรร..


 Copyright 2026. Bcnsprnw @Library